Structured System Analysis and Design (Record no. 7862)

MARC details
000 -LEADER
fixed length control field 00346nam a2200145Ia 4500
003 - CONTROL NUMBER IDENTIFIER
control field OSt
008 - FIXED-LENGTH DATA ELEMENTS--GENERAL INFORMATION
fixed length control field 191201s2008 xx 000 0 und d
082 ## - DEWEY DECIMAL CLASSIFICATION NUMBER
Classification number 004.21
Item number DIS
100 ## - MAIN ENTRY--PERSONAL NAME
Personal name DIXIT, JB
245 #0 - TITLE STATEMENT
Title Structured System Analysis and Design
250 ## - EDITION STATEMENT
Edition statement Rep
260 ## - PUBLICATION, DISTRIBUTION, ETC. (IMPRINT)
Date of publication, distribution, etc 2008
Name of publisher, distributor, etc Laxmi Publications
Place of publication, distribution, etc New Delhi
300 ## - PHYSICAL DESCRIPTION
Extent 435
942 ## - ADDED ENTRY ELEMENTS (KOHA)
Source of classification or shelving scheme Dewey Decimal Classification
Koha item type Text Books
Holdings
Withdrawn status Lost status Source of classification or shelving scheme Damaged status Not for loan Collection code Home library Current library Date acquired Source of acquisition Cost, normal purchase price Bill Number Total Checkouts Full call number Acc. no. / Barcode Date last seen Date last borrowed Actual Cost, discounted price Bill Date Koha item type
    Dewey Decimal Classification     BCA PIET C-LIBRARY PIET C-LIBRARY 09/06/2013 IBH, New Delhi 250.00 10134 7 004.21 DIS BC600 27/11/2023 06/06/2023 180.00 09/06/2013 Text Books
    Dewey Decimal Classification     BCA PIET C-LIBRARY PIET C-LIBRARY 09/06/2013 IBH, New Delhi 250.00 10134 3 004.21 DIS BC601 05/08/2022 01/08/2022 180.00 09/06/2013 Text Books
    Dewey Decimal Classification     BCA PIET C-LIBRARY PIET C-LIBRARY 09/06/2013 IBH, New Delhi 250.00 10134 3 004.21 DIS BC602 01/08/2022 16/06/2022 180.00 09/06/2013 Text Books
    Dewey Decimal Classification     BCA PIET C-LIBRARY PIET C-LIBRARY 09/06/2013 IBH, New Delhi 250.00 10134 4 004.21 DIS BC603 07/01/2025 04/01/2025 180.00 09/06/2013 Text Books
    Dewey Decimal Classification     BCA PIET C-LIBRARY PIET C-LIBRARY 09/06/2013 IBH, New Delhi 250.00 10134 4 004.21 DIS BC604 27/02/2023 15/02/2023 180.00 09/06/2013 Text Books
    Dewey Decimal Classification     BCA PIET C-LIBRARY PIET C-LIBRARY 09/06/2013 IBH, New Delhi 250.00 10134 6 004.21 DIS BC605 24/03/2023 23/03/2023 180.00 09/06/2013 Text Books
    Dewey Decimal Classification     BCA PIET C-LIBRARY PIET C-LIBRARY 09/06/2013 IBH, New Delhi 250.00 10134 5 004.21 DIS BC606 30/05/2023 15/05/2023 180.00 09/06/2013 Text Books

Design & Developed by: PIET Central Library
R70 Miles Stone Pattikalyana Samalkha Panipat 132102
mail ID :- [email protected], Phone No:- 0180-2569700 Ex.216